[Event "5th Sharjah Masters 2022"]
[Site "Sharjah"]
[Date "2022.05.29"]
[Round "9.8"]
[White "Ponkratov, Pavel"]
[Black "Niemann, Hans Moke"]
[Result "0-1"]
[WhiteElo "2624"]
[BlackElo "2656"]
[Annotator "TA"]
[PlyCount "108"]
[EventDate "2022.05.21"]
[EventType "swiss"]
[EventCountry "UAE"]
[SourceTitle "playchess.com"]
[Source "ChessBase"]
[SourceQuality "1"]

1. e4 c6 2. d4 d5 3. e5 Bf5 4. Nd2 e6 5. Nb3 Nd7 6. Nf3 h6 7. a4 Ne7 8. a5 g5 9. h3 Bg7 10. Bd3 b6 11. Bxf5 Nxf5 12. g4 Ne7 13. h4 gxh4 14. Nxh4 c5 15. f4 Nc6 16. c3 c4 17. Nd2 Nxa5 18. Qc2 Qc7 19. Ndf3 Nb3 20. Rb1 Nxc1 21. Rxc1 O-O-O 22. O-O Rdg8 23. Kh1 Bf8 24. Rg1 Be7 25. Ra1 a5 26. f5 Nf8 27. f6 Bd8 28. Rg2 Nh7 29. Rag1 Ng5 30. Rh2 Ne4 31. Nd2 Qb7 32. Nxe4 dxe4 33. Qe2 b5 34. Ng2 a4 35. Ne3 Rg6 36. g5 Qc6 37. Rgg2 Ba5 38. gxh6 Rgxh6 39. Qd2 Qe8 40. Qc2 Rh4 41. Ng4 Qc6 42. Ne3 Rh3 43. Kg1 Kb7 44. Qd2 Qe8 45. Nd1 Rxh2 46. Rxh2 Rxh2 47. Qxh2 Qg8+ 48. Kf1 Qg4 49. Qd2 Qf3+ 50. Ke1 Qd3 51. Nf2 e3 52. Nxd3 exd2+ 53. Kxd2 cxd3 54. d5 Bb6 0-1

[Event "5th Sharjah Masters 2022"]
[Site "Sharjah"]
[Date "2022.05.29"]
[Round "9.9"]
[White "Sargsyan, Shant"]
[Black "Idani, Pouya"]
[Result "1/2-1/2"]
[WhiteElo "2641"]
[BlackElo "2635"]
[Annotator "TA"]
[PlyCount "38"]
[EventDate "2022.05.21"]
[EventType "swiss"]
[EventCountry "UAE"]
[SourceTitle "playchess.com"]
[Source "ChessBase"]
[SourceQuality "1"]

1. d4 Nf6 2. c4 e6 3. g3 d5 4. Nf3 Bb4+ 5. Bd2 a5 6. Bg2 O-O 7. Qc2 c5 8. cxd5 cxd4 9. Nxd4 Qb6 10. e3 exd5 11. O-O Nc6 12. Nxc6 bxc6 13. Rc1 Rb8 14. Bxb4 Qxb4 15. b3 Be6 16. Nc3 c5 17. Ne2 Rbc8 18. Nf4 c4 19. bxc4 Rxc4 1/2-1/2

[Event "5th Sharjah Masters 2022"]
[Site "Sharjah"]
[Date "2022.05.29"]
[Round "9.10"]
[White "Yilmaz, Mustafa"]
[Black "Sethuraman, S.P."]
[Result "1/2-1/2"]
[WhiteElo "2631"]
[BlackElo "2613"]
[Annotator "TA"]
[PlyCount "59"]
[EventDate "2022.05.21"]
[EventType "swiss"]
[EventCountry "UAE"]
[SourceTitle "playchess.com"]
[Source "ChessBase"]
[SourceQuality "1"]

1. d4 d5 2. c4 c6 3. Nf3 Nf6 4. Nc3 e6 5. Bg5 h6 6. Bh4 dxc4 7. e4 g5 8. Bg3 b5 9. Be2 Bb7 10. O-O Nbd7 11. Ne5 Bg7 12. Nxf7 Kxf7 13. e5 Nd5 14. Ne4 Qb6 15. Nd6+ Ke7 16. a4 Raf8 17. Bf3 a6 18. Bxd5 cxd5 19. b3 Bc6 20. Qd2 Kd8 21. axb5 Bxb5 22. Rfb1 c3 23. Qxc3 Nb8 24. Rc1 Kd7 25. Ra2 Nc6 26. Rac2 Rc8 27. Qf3 Rcf8 28. Qc3 Rc8 29. Qf3 Rcf8 30. Qc3 1/2-1/2

[Event "5th Sharjah Masters 2022"]
[Site "Sharjah"]
[Date "2022.05.29"]
[Round "9.11"]
[White "Sarana, Alexey"]
[Black "Sindarov, Javokhir"]
[Result "1/2-1/2"]
[WhiteElo "2675"]
[BlackElo "2609"]
[Annotator "TA"]
[PlyCount "101"]
[EventDate "2022.05.21"]
[EventType "swiss"]
[EventCountry "UAE"]
[SourceTitle "playchess.com"]
[Source "ChessBase"]
[SourceQuality "1"]

1. d4 Nf6 2. c4 e6 3. Nc3 Bb4 4. e3 d5 5. Qa4+ Nc6 6. Nf3 O-O 7. Bd2 Re8 8. Qc2 Bf8 9. Rd1 h6 10. a3 e5 11. dxe5 Nxe5 12. Nxe5 Rxe5 13. cxd5 Nxd5 14. e4 Qe8 15. Bd3 Nxc3 16. Bxc3 Re6 17. O-O Bd7 18. Qe2 a6 19. e5 Bb5 20. f4 f5 21. Qf3 Bxd3 22. Rxd3 Qc6 23. Rd5 Ree8 24. Rfd1 Be7 25. Qh5 Qe6 26. Bb4 Red8 27. Rxd8+ Bxd8 28. h3 c6 29. Bc5 Bc7 30. Qh4 Re8 31. b4 a5 32. bxa5 Bxa5 33. Kh1 Bc7 34. Rb1 Qc4 35. Rxb7 Bxe5 36. Qh5 Rf8 37. fxe5 Qxc5 38. Qe2 Re8 39. e6 Qc1+ 40. Kh2 Qf4+ 41. g3 Qd4 42. h4 Qf6 43. e7 Kf7 44. a4 Rxe7 45. Qa2+ Qe6 46. Rxe7+ Kxe7 47. Qb2 Kd6 48. Qd4+ Kc7 49. Qa7+ Kd6 50. Qd4+ Kc7 51. Qa7+ 1/2-1/2

[Event "5th Sharjah Masters 2022"]
[Site "Sharjah"]
[Date "2022.05.29"]
[Round "9.12"]
[White "Narayanan.S.L"]
[Black "Puranik, Abhimanyu"]
[Result "1/2-1/2"]
[WhiteElo "2662"]
[BlackElo "2608"]
[Annotator "TA"]
[PlyCount "58"]
[EventDate "2022.05.21"]
[EventType "swiss"]
[EventCountry "UAE"]
[SourceTitle "playchess.com"]
[Source "ChessBase"]
[SourceQuality "1"]

1. d4 Nf6 2. c4 g6 3. Nc3 d5 4. Nf3 Bg7 5. h4 dxc4 6. e4 c5 7. d5 b5 8. h5 O-O 9. hxg6 fxg6 10. e5 Ng4 11. d6 e6 12. Rxh7 Rf5 13. Ne4 Nd7 14. Bg5 Qe8 15. Be7 Bb7 16. Nfg5 Ndxe5 17. Nxc5 Nxf2 18. Rxg7+ Kxg7 19. Ncxe6+ Kg8 20. Qd4 Qc6 21. Qh4 Nfd3+ 22. Ke2 Rf2+ 23. Ke3 Ng4+ 24. Qxg4 Rf4 25. Qg3 Qb6+ 26. Kd2 Rf2+ 27. Be2 Qa5+ 28. Ke3 Qb6+ 29. Kd2 Qa5+ 1/2-1/2

[Event "5th Sharjah Masters 2022"]
[Site "Sharjah"]
[Date "2022.05.29"]
[Round "9.13"]
[White "Iskandarov, Misratdin"]
[Black "Moussard, Jules"]
[Result "1/2-1/2"]
[WhiteElo "2601"]
[BlackElo "2651"]
[Annotator "TA"]
[PlyCount "100"]
[EventDate "2022.05.21"]
[EventType "swiss"]
[EventCountry "UAE"]
[SourceTitle "playchess.com"]
[Source "ChessBase"]
[SourceQuality "1"]

1. Nf3 Nf6 2. c4 e6 3. g3 d5 4. Bg2 Be7 5. O-O O-O 6. d4 c6 7. Qc2 b6 8. Nbd2 c5 9. cxd5 exd5 10. dxc5 bxc5 11. e4 Nc6 12. exd5 Nxd5 13. a3 Be6 14. Ne4 Nd4 15. Nxd4 cxd4 16. Qd3 Qb6 17. Re1 h6 18. b4 Rad8 19. Bb2 Nf6 20. Rac1 Nxe4 21. Bxe4 Bf6 22. Rc6 Qb8 23. Bc1 Rd7 24. Bf4 Qd8 25. Rec1 Bg5 26. Bxg5 Qxg5 27. R1c5 Qe7 28. Rc8 Rfd8 29. Rxd8+ Rxd8 30. h4 Bc8 31. Rc1 Bb7 32. Bxb7 Qxb7 33. b5 Qd5 34. a4 h5 35. a5 Rb8 36. b6 axb6 37. axb6 g6 38. Rb1 Rb7 39. Qb5 Qe4 40. Rc1 Qe6 41. Rc6 Qe1+ 42. Kg2 Qe4+ 43. Kh2 Qf3 44. Kg1 Re7 45. Rc8+ Kh7 46. Re8 Rxe8 47. Qxe8 d3 48. Qd7 Kg7 49. Qd4+ Kh7 50. Qd7 Kg7 1/2-1/2

[Event "5th Sharjah Masters 2022"]
[Site "Sharjah"]
[Date "2022.05.29"]
[Round "9.14"]
[White "Van Foreest, Lucas"]
[Black "Nihal Sarin"]
[Result "1/2-1/2"]
[WhiteElo "2572"]
[BlackElo "2646"]
[Annotator "TA"]
[PlyCount "34"]
[EventDate "2022.05.21"]
[EventType "swiss"]
[EventCountry "UAE"]
[SourceTitle "playchess.com"]
[Source "ChessBase"]
[SourceQuality "1"]

1. d4 d5 2. c4 e6 3. Nc3 h6 4. Bf4 Bd6 5. Bxd6 Qxd6 6. e3 Nf6 7. cxd5 exd5 8. Bd3 O-O 9. Qc2 Qe7 10. Nf3 b6 11. O-O c5 12. dxc5 bxc5 13. e4 d4 14. e5 dxc3 15. exf6 Qxf6 16. Qxc3 Qxc3 17. bxc3 Nd7 1/2-1/2

[Event "5th Sharjah Masters 2022"]
[Site "Sharjah"]
[Date "2022.05.29"]
[Round "9.15"]
[White "Petrosyan, Manuel"]
[Black "Yuffa, Daniil"]
[Result "*"]
[WhiteElo "2638"]
[BlackElo "2597"]
[Annotator "TA"]
[PlyCount "86"]
[EventDate "2022.05.21"]
[EventType "swiss"]
[EventCountry "UAE"]
[SourceTitle "playchess.com"]
[Source "ChessBase"]
[SourceQuality "1"]

1. d4 d5 2. c4 c6 3. Nf3 Nf6 4. Nc3 a6 5. c5 Bf5 6. Bf4 Nbd7 7. e3 Nh5 8. Bd3 Nxf4 9. exf4 Bg4 10. h3 Bxf3 11. Qxf3 g6 12. Rd1 Bg7 13. Bc2 e6 14. O-O b6 15. cxb6 Qxb6 16. Na4 Qc7 17. h4 Rb8 18. Qe3 O-O 19. h5 Qd6 20. hxg6 hxg6 21. Rd2 a5 22. b3 Rb4 23. g3 Nb8 24. Rc1 Rc8 25. Bd1 Nd7 26. Be2 Qb8 27. Rd3 Qa7 28. Rcd1 Rc7 29. Kg2 c5 30. dxc5 Re4 31. Qd2 Nxc5 32. Nxc5 Qxc5 33. Bf3 Rb4 34. Qe3 Qc6 35. Rh1 Qd6 36. Rdd1 Rc2 37. Rd2 Rc8 38. Rdd1 a4 39. Rc1 Rcb8 40. Bd1 Re4 41. Qc5 Qxc5 42. Rxc5 Bf8 43. Rc6 a3 *

[Event "5th Sharjah Masters 2022"]
[Site "Sharjah"]
[Date "2022.05.29"]
[Round "9.16"]
[White "Vokhidov, Shamsiddin"]
[Black "Yakubboev, Nodirbek"]
[Result "1-0"]
[WhiteElo "2536"]
[BlackElo "2630"]
[Annotator "TA"]
[PlyCount "111"]
[EventDate "2022.05.21"]
[EventType "swiss"]
[EventCountry "UAE"]
[SourceTitle "playchess.com"]
[Source "ChessBase"]
[SourceQuality "1"]

1. e4 c5 2. Nf3 d6 3. Bb5+ Nd7 4. O-O a6 5. Bd3 Ngf6 6. c3 b5 7. a4 c4 8. Be2 Bb7 9. axb5 axb5 10. Rxa8 Bxa8 11. Na3 Qb8 12. d3 e6 13. dxc4 bxc4 14. e5 dxe5 15. Nxc4 Bc6 16. Na5 Bxf3 17. Bxf3 e4 18. Be2 Bd6 19. g3 O-O 20. Nc4 Bc7 21. Qc2 Nb6 22. Bg5 Nbd5 23. Re1 Bb6 24. Nxb6 Qxb6 25. Bf1 Rb8 26. Bc1 e3 27. fxe3 Ng4 28. Qe2 Ndf6 29. Bg2 h5 30. h3 Ne5 31. Kh1 Qb3 32. e4 Ra8 33. Bf4 Nfd7 34. Rd1 g6 35. Kh2 Ra2 36. Rd2 f6 37. Bf1 Kg7 38. Kg2 Qb7 39. b4 Ra3 40. Rc2 g5 41. Bc1 Rb3 42. Qe3 Qc7 43. Qd4 Nb6 44. Be2 Kg6 45. Be3 Nbc4 46. Bf2 Na3 47. Ra2 Qxc3 48. Qd8 g4 49. Qg8+ Kh6 50. Qxe6 Ng6 51. Kh2 Nc2 52. Ra5 Qxb4 53. Qf5 Nd4 54. Qxh5+ Kg7 55. Ra7+ Ne7 56. Bxd4 1-0

[Event "5th Sharjah Masters 2022"]
[Site "Sharjah"]
[Date "2022.05.29"]
[Round "9.17"]
[White "Aravindh, Chithambaram VR."]
[Black "Hakobyan, Aram"]
[Result "1/2-1/2"]
[WhiteElo "2606"]
[BlackElo "2615"]
[Annotator "TA"]
[PlyCount "65"]
[EventDate "2022.05.21"]
[EventType "swiss"]
[EventCountry "UAE"]
[SourceTitle "playchess.com"]
[Source "ChessBase"]
[SourceQuality "1"]

1. d4 d5 2. c4 e6 3. Nc3 Nf6 4. cxd5 exd5 5. Bg5 c6 6. e3 Bd6 7. Bd3 O-O 8. Nge2 Re8 9. Qc2 h6 10. Bh4 Nbd7 11. h3 a5 12. g4 Nf8 13. O-O-O b5 14. Rdg1 a4 15. Kb1 Bd7 16. Ng3 g5 17. Nf5 Bxf5 18. gxf5 Kh8 19. f4 gxh4 20. Qg2 Ng6 21. fxg6 Rxe3 22. gxf7 Rg3 23. Qc2 b4 24. Rxg3 hxg3 25. Ne2 b3 26. axb3 axb3 27. Qxb3 Qa5 28. Nxg3 Bf8 29. Rc1 Qa1+ 30. Kc2 Qa7 31. Kb1 Qa1+ 32. Kc2 Qa7 33. Kb1 1/2-1/2

[Event "5th Sharjah Masters 2022"]
[Site "Sharjah"]
[Date "2022.05.29"]
[Round "9.18"]
[White "Aryan Chopra"]
[Black "Kuybokarov, Temur"]
[Result "1/2-1/2"]
[WhiteElo "2609"]
[BlackElo "2582"]
[Annotator "TA"]
[PlyCount "73"]
[EventDate "2022.05.21"]
[EventType "swiss"]
[EventCountry "UAE"]
[SourceTitle "playchess.com"]
[Source "ChessBase"]
[SourceQuality "1"]

1. e4 e5 2. Nf3 Nc6 3. Bc4 Bc5 4. c3 Nf6 5. d3 d6 6. O-O h6 7. Re1 O-O 8. h3 Bb6 9. Nbd2 Ne7 10. d4 Nc6 11. dxe5 Nxe5 12. Nxe5 dxe5 13. Qe2 Qe7 14. Nf1 Be6 15. Ng3 Rad8 16. Bb3 Bxb3 17. axb3 a5 18. Be3 Qe6 19. Bxb6 cxb6 20. Qc2 Rd7 21. Rad1 Rfd8 22. f3 b5 23. Rxd7 Qxd7 24. Nf1 Nh5 25. Ne3 Qd2 26. Re2 Qd6 27. Nd5 Nf4 28. Rd2 f5 29. Kh1 fxe4 30. fxe4 Kh8 31. Qd1 Qd7 32. b4 axb4 33. cxb4 Ne6 34. Rf2 Nf4 35. Rd2 Ne6 36. Rf2 Nf4 37. Rd2 1/2-1/2

[Event "5th Sharjah Masters 2022"]
[Site "Sharjah"]
[Date "2022.05.29"]
[Round "9.19"]
[White "Fedoseev, Vladimir"]
[Black "Muradli, Mahammad"]
[Result "1/2-1/2"]
[WhiteElo "2701"]
[BlackElo "2539"]
[Annotator "TA"]
[PlyCount "112"]
[EventDate "2022.05.21"]
[EventType "swiss"]
[EventCountry "UAE"]
[SourceTitle "playchess.com"]
[Source "ChessBase"]
[SourceQuality "1"]

1. Nf3 Nf6 2. c4 g6 3. Nc3 Bg7 4. e4 d6 5. d4 O-O 6. Be2 e5 7. d5 Na6 8. Be3 Ng4 9. Bg5 f6 10. Bh4 h5 11. Nd2 c5 12. Nf1 Nh6 13. f3 Bd7 14. Ne3 Nf7 15. a3 Bh6 16. Qd3 Bg5 17. Bf2 h4 18. g3 hxg3 19. hxg3 Kg7 20. O-O-O Nc7 21. Kb1 Rh8 22. Ng2 Rb8 23. Rxh8 Qxh8 24. f4 Bh6 25. Rh1 b5 26. cxb5 Nxb5 27. Nxb5 Bxb5 28. Qc2 Qe8 29. Bxb5 Qxb5 30. Be1 Qb3 31. Qxb3 Rxb3 32. Bc3 Rb8 33. Kc2 Re8 34. Kd3 c4+ 35. Ke3 exf4+ 36. gxf4 g5 37. Rg1 gxf4+ 38. Nxf4+ Ng5 39. Ne6+ Kf7 40. Rh1 Rh8 41. Nd4 Nh3+ 42. Ke2 Bg7 43. Ke3 Bh6+ 44. Kf3 Ng5+ 45. Kf4 Nh3+ 46. Kg3 Ng5 47. Rh4 Kg6 48. Rg4 Re8 49. Ne6 Kh7 50. Nxg5+ Bxg5 51. Kf3 Kg6 52. Bb4 f5 53. exf5+ Kxf5 54. Rxc4 Re3+ 55. Kf2 Rb3 56. Bc3 Bc1 1/2-1/2

[Event "5th Sharjah Masters 2022"]
[Site "Sharjah"]
[Date "2022.05.29"]
[Round "9.20"]
[White "Sankalp Gupta"]
[Black "Ter-Sahakyan, Samvel"]
[Result "0-1"]
[WhiteElo "2505"]
[BlackElo "2640"]
[Annotator "TA"]
[PlyCount "80"]
[EventDate "2022.05.21"]
[EventType "swiss"]
[EventCountry "UAE"]
[SourceTitle "playchess.com"]
[Source "ChessBase"]
[SourceQuality "1"]

1. e4 c5 2. Nf3 d6 3. d4 cxd4 4. Nxd4 Nf6 5. Nc3 a6 6. Be3 e5 7. Nb3 Be7 8. f3 Be6 9. Qd2 O-O 10. O-O-O Nbd7 11. g4 b5 12. g5 Nh5 13. Kb1 Nb6 14. Na5 Rc8 15. a3 g6 16. h4 Ng3 17. Rg1 Nxf1 18. Rgxf1 Na4 19. Nxa4 bxa4 20. h5 Re8 21. Rh1 Bf8 22. f4 Re7 23. Rh4 Rd7 24. hxg6 fxg6 25. Rdh1 d5 26. Qh2 dxe4 27. Rxh7 Rd1+ 28. Rxd1 Qxd1+ 29. Bc1 Qd5 30. c4 Qd3+ 31. Ka1 Qd1 32. Kb1 e3 33. Rh8+ Kf7 34. Rxf8+ Rxf8 35. Qh7+ Ke8 36. Nc6 Bf5+ 37. Ka2 Qd7 38. Qh1 Qd3 39. Bxe3 Be4 40. Nxe5 Qb3+ 0-1

[Event "5th Sharjah Masters 2022"]
[Site "Sharjah"]
[Date "2022.05.29"]
[Round "9.21"]
[White "Aditya Mittal"]
[Black "Jumabayev, Rinat"]
[Result "0-1"]
[WhiteElo "2490"]
[BlackElo "2628"]
[Annotator "TA"]
[PlyCount "58"]
[EventDate "2022.05.21"]
[EventType "swiss"]
[EventCountry "UAE"]
[SourceTitle "playchess.com"]
[Source "ChessBase"]
[SourceQuality "1"]

1. d4 Nf6 2. c4 e6 3. Nf3 Bb4+ 4. Nbd2 d5 5. Qa4+ Nc6 6. a3 Be7 7. e3 a5 8. b4 dxc4 9. b5 Nb8 10. Nxc4 O-O 11. Bb2 c5 12. dxc5 Bxc5 13. Rd1 Qe7 14. Bd3 Bd7 15. Nce5 Rd8 16. Ng5 Be8 17. Qc2 Nbd7 18. Bxh7+ Kf8 19. Nxd7+ Rxd7 20. O-O Bxa3 21. Bxa3 Qxa3 22. Be4 Rad8 23. Ra1 Qb4 24. Rab1 Qe7 25. b6 Nxe4 26. Nxe4 Rd5 27. Ng3 Bc6 28. Qh7 Qg5 29. Rfc1 Ke7 0-1

[Event "5th Sharjah Masters 2022"]
[Site "Sharjah"]
[Date "2022.05.29"]
[Round "9.22"]
[White "Ganguly, Surya Shekhar"]
[Black "Sanal, Vahap"]
[Result "0-1"]
[WhiteElo "2616"]
[BlackElo "2575"]
[Annotator "TA"]
[PlyCount "98"]
[EventDate "2022.05.21"]
[EventType "swiss"]
[EventCountry "UAE"]
[SourceTitle "playchess.com"]
[Source "ChessBase"]
[SourceQuality "1"]

1. e4 e5 2. Nf3 Nc6 3. Bc4 Bc5 4. O-O Nf6 5. d3 d6 6. c3 h6 7. Re1 a5 8. Nbd2 O-O 9. h3 Bb6 10. Nf1 a4 11. Ng3 Ra5 12. Bd2 Be6 13. b4 axb3 14. axb3 Rxa1 15. Qxa1 Qa8 16. Qc1 Kh7 17. d4 exd4 18. cxd4 Nxd4 19. Nxd4 Bxd4 20. Bd3 Kg8 21. Bxh6 gxh6 22. e5 Qa1 23. Qxa1 Bxa1 24. Rxa1 dxe5 25. Bc4 Bd7 26. b4 Re8 27. Ra7 Bc8 28. f3 Kf8 29. Kf2 Rd8 30. Ke2 Ne8 31. Bd3 Nd6 32. Ne4 Nf5 33. b5 Nd4+ 34. Ke3 Nf5+ 35. Ke2 Ke7 36. Nc5 Nd4+ 37. Ke3 Rd5 38. Ra8 Bxh3 39. Nxb7 Bxg2 40. Rc8 Bxf3 41. Bc4 Bg4 42. Rxc7+ Rd7 43. b6 Rxc7 44. bxc7 Bc8 45. Nd8 f6 46. Nf7 Nf5+ 47. Kd3 Nd6 48. Nxh6 Nxc4 49. Kxc4 Kf8 0-1

[Event "5th Sharjah Masters 2022"]
[Site "Sharjah"]
[Date "2022.05.29"]
[Round "9.23"]
[White "Mastrovasilis, Dimitrios"]
[Black "Moroni, Luca Jr"]
[Result "1/2-1/2"]
[WhiteElo "2613"]
[BlackElo "2581"]
[Annotator "TA"]
[PlyCount "40"]
[EventDate "2022.05.21"]
[EventType "swiss"]
[EventCountry "UAE"]
[SourceTitle "playchess.com"]
[Source "ChessBase"]
[SourceQuality "1"]

1. e4 e5 2. Nf3 Nc6 3. Nc3 Nf6 4. d4 exd4 5. Nxd4 Nxe4 6. Nxc6 Nxc3 7. Nxd8 Nxd1 8. Nxf7 Kxf7 9. Kxd1 d5 10. Bf4 Bf5 11. Kd2 c6 12. Bd3 Bxd3 13. Kxd3 Bc5 14. Be3 Be7 15. Rhe1 c5 16. c3 Rhd8 17. Bf4 Rd7 18. Be5 b5 19. Rad1 a5 20. Re3 Ra6 1/2-1/2

[Event "5th Sharjah Masters 2022"]
[Site "Sharjah"]
[Date "2022.05.29"]
[Round "9.24"]
[White "Adly, Ahmed"]
[Black "Suleymanli, Aydin"]
[Result "0-1"]
[WhiteElo "2596"]
[BlackElo "2537"]
[Annotator "TA"]
[PlyCount "84"]
[EventDate "2022.05.21"]
[EventType "swiss"]
[EventCountry "UAE"]
[SourceTitle "playchess.com"]
[Source "ChessBase"]
[SourceQuality "1"]

1. d4 Nf6 2. c4 e6 3. Nf3 d5 4. Nc3 dxc4 5. e3 a6 6. Bxc4 b5 7. Be2 Bb7 8. O-O Nbd7 9. Bd2 c5 10. a4 b4 11. Na2 a5 12. Bb5 Be7 13. Ne5 O-O 14. Nc6 Bxc6 15. Bxc6 Rc8 16. Bb5 Nb6 17. Nc1 c4 18. Ne2 Ne4 19. Ba6 Rc7 20. Ng3 Nd6 21. Qh5 Qa8 22. Qxa5 Rb8 23. Bxb4 Ra7 24. Qh5 Rxa6 25. a5 Nd5 26. Bc5 Rxb2 27. e4 Nf6 28. Qf3 Nfe8 29. Rab1 Rxb1 30. Rxb1 Rxa5 31. e5 Nc8 32. Rb7 c3 33. Bxe7 Rd5 34. Rb3 Nxe7 35. Qxc3 Nc6 36. h3 Nxd4 37. Rb4 Qd8 38. Rb7 Rxe5 39. Qb2 Nc6 40. Rb6 Rc5 41. Ne4 Rc4 42. Nd2 Rc2 0-1

[Event "5th Sharjah Masters 2022"]
[Site "Sharjah"]
[Date "2022.05.29"]
[Round "9.25"]
[White "Azarov, Sergei"]
[Black "Davtyan, Artur"]
[Result "0-1"]
[WhiteElo "2588"]
[BlackElo "2488"]
[Annotator "TA"]
[PlyCount "80"]
[EventDate "2022.05.21"]
[EventType "swiss"]
[EventCountry "UAE"]
[SourceTitle "playchess.com"]
[Source "ChessBase"]
[SourceQuality "1"]

1. e4 c5 2. Nf3 d6 3. d4 cxd4 4. Nxd4 Nf6 5. Nc3 a6 6. Be2 e6 7. O-O Be7 8. f4 Qc7 9. Kh1 Nc6 10. Be3 Bd7 11. Qe1 b5 12. a3 O-O 13. Qg3 Kh8 14. Rae1 Rab8 15. Nf3 b4 16. axb4 Nxb4 17. Rc1 d5 18. Ng5 Nxe4 19. Ngxe4 dxe4 20. Bd4 f6 21. Nxe4 Bc6 22. Nd2 Rfd8 23. c3 Na2 24. Rb1 Bc5 25. Bxc5 Rxd2 26. Qe3 Rbxb2 27. Rxb2 Rxb2 28. Qxe6 h6 29. Bd4 Qb7 30. Kg1 Nxc3 31. Bxc3 Qb6+ 32. Bd4 Qxd4+ 33. Kh1 Be4 34. Qe8+ Kh7 35. f5 Qe5 36. Qg6+ Kh8 37. Rd1 Rb1 38. h3 Rxd1+ 39. Bxd1 Qxf5 40. Qe8+ Kh7 0-1

[Event "5th Sharjah Masters 2022"]
[Site "Sharjah"]
[Date "2022.05.29"]
[Round "9.26"]
[White "Haznedaroglu, Kivanc"]
[Black "Adhiban, B.."]
[Result "0-1"]
[WhiteElo "2425"]
[BlackElo "2616"]
[Annotator "TA"]
[PlyCount "70"]
[EventDate "2022.05.21"]
[EventType "swiss"]
[EventCountry "UAE"]
[SourceTitle "playchess.com"]
[Source "ChessBase"]
[SourceQuality "1"]

1. Nf3 d5 2. g3 g6 3. Bg2 Bg7 4. d4 Nf6 5. O-O O-O 6. c4 dxc4 7. Na3 c3 8. bxc3 c5 9. Bb2 Nc6 10. Nc4 Be6 11. Nfe5 Nxe5 12. Nxe5 Bd5 13. f3 Nd7 14. Nxd7 Qxd7 15. e4 Bc4 16. Rf2 Rad8 17. Rd2 f5 18. Bh3 e5 19. Qc2 b5 20. d5 Bh6 21. Rdd1 Be3+ 22. Kg2 Qg7 23. Re1 Qh6 24. a4 Bd2 25. axb5 Rd6 26. exf5 Bxe1 27. Rxe1 Bxd5 28. Rxe5 Bxf3+ 29. Kxf3 Qxh3 30. Qb3+ Kh8 31. c4 Kg8 32. Rxc5 Qf1+ 33. Kg4 gxf5+ 34. Kh4 Rh6+ 35. Kg5 Rg6+ 0-1

[Event "5th Sharjah Masters 2022"]
[Site "Sharjah"]
[Date "2022.05.29"]
[Round "9.27"]
[White "Sadhwani, Raunak"]
[Black "Erdogdu, Mert"]
[Result "1-0"]
[WhiteElo "2619"]
[BlackElo "2407"]
[Annotator "TA"]
[PlyCount "85"]
[EventDate "2022.05.21"]
[EventType "swiss"]
[EventCountry "UAE"]
[SourceTitle "playchess.com"]
[Source "ChessBase"]
[SourceQuality "1"]

1. e4 c5 2. Nf3 d6 3. d4 cxd4 4. Nxd4 Nf6 5. Nc3 a6 6. Be3 e6 7. Be2 Be7 8. f4 Qc7 9. g4 d5 10. e5 Ne4 11. Nxe4 dxe4 12. c3 Bh4+ 13. Kf1 Nd7 14. Kg2 b6 15. g5 g6 16. a4 h6 17. gxh6 Bb7 18. a5 O-O 19. Rg1 Kh7 20. Qf1 bxa5 21. Kh1 Nb6 22. c4 Rad8 23. Rd1 Na4 24. f5 exf5 25. Nxf5 Be7 26. Nd6 Bxd6 27. exd6 Rxd6 28. Rxd6 Qxd6 29. Qa1 Nc5 30. b4 Ne6 31. c5 Qe7 32. Rc1 axb4 33. c6 Bc8 34. Bc5 Qe8 35. Bxf8 Qxf8 36. Qf6 b3 37. Bc4 Kxh6 38. Bxb3 Qa3 39. Rg1 Nf8 40. Qf4+ Kg7 41. Qxf7+ Kh6 42. Qf4+ Kg7 43. Qc7+ 1-0

[Event "5th Sharjah Masters 2022"]
[Site "Sharjah"]
[Date "2022.05.29"]
[Round "9.28"]
[White "Gharibyan, Mamikon"]
[Black "Hovhannisyan, Robert"]
[Result "1-0"]
[WhiteElo "2487"]
[BlackElo "2607"]
[Annotator "TA"]
[PlyCount "89"]
[EventDate "2022.05.21"]
[EventType "swiss"]
[EventCountry "UAE"]
[SourceTitle "playchess.com"]
[Source "ChessBase"]
[SourceQuality "1"]

1. d4 Nf6 2. c4 e6 3. Nf3 d5 4. g3 Bb4+ 5. Bd2 Be7 6. Bg2 O-O 7. O-O c6 8. Qc2 Nbd7 9. Rd1 a5 10. Bf4 a4 11. a3 Ne4 12. Nc3 Nxc3 13. Qxc3 Nb6 14. c5 Nc4 15. b4 axb3 16. Qxb3 Ra6 17. Ne5 Nxe5 18. Bxe5 b6 19. cxb6 Rxb6 20. Qc2 Ba6 21. a4 Bc4 22. Rdb1 Rxb1+ 23. Rxb1 Qa8 24. Bc7 Qa6 25. Bf1 c5 26. dxc5 Bxc5 27. e3 Bxf1 28. Rxf1 Qa7 29. Be5 Ra8 30. Rc1 Bf8 31. Ra1 Qa6 32. a5 h5 33. h4 Rc8 34. Qb3 f6 35. Bd4 Bd6 36. Qd1 Bb4 37. Qxh5 Bxa5 38. Qg6 e5 39. Bxe5 Qb7 40. Bxf6 Ra8 41. Bd4 Ra6 42. Qg5 Kh7 43. Qf5+ Kg8 44. Rb1 Qa8 45. Qe5 1-0

[Event "5th Sharjah Masters 2022"]
[Site "Sharjah"]
[Date "2022.05.29"]
[Round "9.29"]
[White "Kadric, Denis"]
[Black "Mastrovasilis, Athanasios"]
[Result "1/2-1/2"]
[WhiteElo "2576"]
[BlackElo "2540"]
[Annotator "TA"]
[PlyCount "209"]
[EventDate "2022.05.21"]
[EventType "swiss"]
[EventCountry "UAE"]
[SourceTitle "playchess.com"]
[Source "ChessBase"]
[SourceQuality "1"]

1. e4 e5 2. Nf3 Nc6 3. Bc4 Bc5 4. O-O Nf6 5. d3 O-O 6. Re1 a6 7. c3 d6 8. Bb3 Ba7 9. h3 Ne7 10. Nbd2 Ng6 11. Nf1 b5 12. Ng3 h6 13. d4 c5 14. a4 Bd7 15. Be3 Re8 16. axb5 axb5 17. Qd2 c4 18. Bc2 Bb6 19. Rad1 Qe7 20. Nf5 Qf8 21. dxe5 Bxe3 22. Qxd6 Nxe5 23. Nxe3 Nxf3+ 24. gxf3 Qxd6 25. Rxd6 Bxh3 26. Rb6 Nd7 27. Rxb5 Ne5 28. Rd1 Nxf3+ 29. Kh1 Rac8 30. Rh5 Be6 31. Kg2 Ng5 32. f4 Nh7 33. e5 f6 34. Bg6 Bf7 35. Bxf7+ Kxf7 36. Rd7+ Re7 37. Rxe7+ Kxe7 38. Nf5+ Kd7 39. exf6 Nxf6 40. Rh1 Rb8 41. Kf3 Rxb2 42. Nxg7 Rc2 43. f5 Rxc3+ 44. Kf4 Rd3 45. Rxh6 c3 46. Rh1 c2 47. Rc1 Rd2 48. Ke3 Rg2 49. Kd4 Rxg7 50. Rxc2 Kd6 51. Re2 Rg4+ 52. Kd3 Nd5 53. Re6+ Kc5 54. Re8 Rg3+ 55. Ke2 Kd4 56. f6 Nxf6 57. Re6 Ne4 58. Ra6 Re3+ 59. Kf1 Rf3+ 60. Kg2 Rf2+ 61. Kh3 Ke3 62. Ra8 Rf5 63. Kg4 Rg5+ 64. Kh4 Rg1 65. Kh5 Kf4 66. Ra5 Nf6+ 67. Kh6 Nd7 68. Ra7 Ne5 69. Ra2 Rg3 70. Rf2+ Ke4 71. Ra2 Kf5 72. Rf2+ Nf3 73. Ra2 Rg6+ 74. Kh5 Rd6 75. Ra5+ Kf4 76. Ra1 Kf5 77. Ra5+ Ne5 78. Ra1 Nd3 79. Ra5+ Ne5 80. Ra1 Rd2 81. Rf1+ Ke6 82. Ra1 Rg2 83. Rb1 Ng6 84. Kh6 Kf5 85. Ra1 Nf4 86. Ra5+ Kf6 87. Ra6+ Ne6 88. Kh5 Rg1 89. Kh4 Kf5 90. Ra5+ Ke4 91. Ra4+ Nd4 92. Kh5 Ke5 93. Ra5+ Kf6 94. Ra6+ Ne6 95. Kh4 Rg8 96. Kh3 Kf5 97. Ra5+ Ke4 98. Ra4+ Nd4 99. Kh4 Ke5 100. Kh3 Nf5 101. Ra5+ Kf4 102. Ra4+ Kf3 103. Ra3+ Ne3 104. Kh4 Rg6 105. Kh5 1/2-1/2